• Achille P.A., Ancona L., Bobb-Lucas J., Bottomley P., Cordeiro J.,

di Personal Name

Records bibliografici associati: 1

001 - CONTROL NUMBER

  • control field: 63385

003 - CONTROL NUMBER IDENTIFIER

  • control field:

005 - DATE AND TIME OF LATEST TRANSACTION

  • control field: 20260210122243.0

008 - FIXED-LENGTH DATA ELEMENTS

  • fixed length control field: 260210|| aca||aabn | a|a d

040 ## - CATALOGING SOURCE

  • Original cataloging agency:
  • Transcribing agency:

100 ## - HEADING--PERSONAL NAME

  • Personal name: Achille P.A., Ancona L., Bobb-Lucas J., Bottomley P., Cordeiro J.,
  • Personal name: Dell'Acqua V., Feldman H., Feldman M., Guerfel H., Gulotta G.,
  • Personal name: Kouassigan G., Lejeune J., Masamba ma Mpolo J., Mascarenhas M.,
  • Personal name: McHuch J., Muller-Fahrenholz G., Perera L.H., Presvelou C.,
  • Personal name: Riboldi A., Schleicher K., Zani L

670 ## - SOURCE DATA FOUND

  • Source citation: Work cat.: ()209481: Cisf (a cura di) 56035, La famiglia ambiente naturale del bambino / The Family Natural Environment of the Child, 1980
CREDITS: SOCIETA' SAN PAOLO Via A.Severo, 58 - ROMA (RM) & PERIODICI SAN PAOLO SRL Via Giotto, 36 MILANO & CISF Via Giotto, 36 MILANO & EDIZIONI SAN PAOLO SRL,  Piazza Soncino, 5 CINISELLO BALSAMO (MI) -- ITALY